000 00688nam a2200217Ia 4500
003 GCL
008 140319s9999 xx 000 0 ara d
040 _aGCL /
_cGCL
082 0 4 _a551.4
_bم ع
100 1 _aمحمد صبرى
245 1 0 _aالعمليات الجيومورفولوجية /
_cمحمد صبرى
700 1 _aمحمود دياب راضى
260 _a[S.N] :
_bدار الثقافة للنشر والتوزيع ،
_c1989
300 _a311 ص
490 _a
650 0 4 _aالجغرافيا الطبيعية
650 0 4 _aالمناخ
650 0 4 _aالجيومورفولوجيا
650 0 4 _aالجيومورفولوجيا المناخية
942 _2ddc
_cBK
999 _c35035
_d35035